| 000 | 00726cab a2200253 4500 | ||
|---|---|---|---|
| 001 | WB3433-46 | ||
| 008 | 090401t1998 xxu||||| |||| 00| 0 eng d | ||
| 035 | _a(Sirsi) u88158 | ||
| 041 | _aeng | ||
| 245 | _aIncrease in fees | ||
| 260 | _c1998 | ||
| 350 | _a0 | ||
| 490 |
_aTimes _v26 August 1998, 6(1) |
||
| 520 | _aA large increase in premiums for solicitors` negligence insurance will mean a sharp rise in conveyancing fees for homebuyers. | ||
| 650 | _aHOMEBUYERS | ||
| 650 | _aINSURANCE PREMIUMS | ||
| 650 |
_aInsurance _96249 |
||
| 650 | _aNEGLIGENCE | ||
| 650 | _aPROFESSIONAL INDEMNITY INSURANCE | ||
| 650 | _aSOLICITORS FEES | ||
| 690 | _aHOUSING-HOUSING FINANCE | ||
| 942 | _n0 | ||
| 948 | _c26/08/1998 | ||
| 999 |
_c55695 _d55695 |
||